Ars orientalis : (Record no. 201808)
[ view plain ]
| 000 -LEADER | |
|---|---|
| fixed length control field | 01417cas a2200421 4500 |
| 001 - CONTROL NUMBER | |
| control field | 000539735 |
| 003 - CONTROL NUMBER IDENTIFIER | |
| control field | AM-YeHGA |
| 005 - DATE AND TIME OF LATEST TRANSACTION | |
| control field | 20250617135516.0 |
| 008 - FIXED-LENGTH DATA ELEMENTS--GENERAL INFORMATION | |
| fixed length control field | 750806s1954 dcua|| |||||||0|||||eng|d |
| 022 0# - INTERNATIONAL STANDARD SERIAL NUMBER | |
| International Standard Serial Number | 0571-1371 |
| 040 ## - CATALOGING SOURCE | |
| Original cataloging agency | AM-YeHGA |
| 041 0# - LANGUAGE CODE | |
| Language code of text/sound track or separate title | eng |
| -- | fre |
| -- | ger |
| 090 ## - LOCALLY ASSIGNED LC-TYPE CALL NUMBER (OCLC); LOCAL CALL NUMBER (RLIN) | |
| -- | 203299 |
| 210 0# - ABBREVIATED TITLE | |
| Abbreviated title | Ars orient |
| 222 #0 - KEY TITLE | |
| Key title | Ars orientalis |
| 245 00 - TITLE STATEMENT | |
| Title | Ars orientalis : |
| Remainder of title | The arts of Islam and the East. |
| 246 30 - VARYING FORM OF TITLE | |
| Title proper/short title | Arts of Islam and the East |
| 246 18 - VARYING FORM OF TITLE | |
| Title proper/short title | Ars orientalis |
| 260 ## - PUBLICATION, DISTRIBUTION, ETC. | |
| Place of publication, distribution, etc. | Washington : |
| Name of publisher, distributor, etc. | Freer Gallery of Art. |
| 300 ## - PHYSICAL DESCRIPTION | |
| Extent | volume : |
| Other physical details | ill. ; |
| Dimensions | 32 cm. |
| 310 ## - CURRENT PUBLICATION FREQUENCY | |
| Current publication frequency | Annual, |
| Date of current publication frequency | <1986- > |
| 321 ## - FORMER PUBLICATION FREQUENCY | |
| Former publication frequency | Irregular |
| 362 0# - DATES OF PUBLICATION AND/OR SEQUENTIAL DESIGNATION | |
| Dates of publication and/or sequential designation | Vol. 1- 1954- |
| 505 1# - FORMATTED CONTENTS NOTE | |
| Miscellaneous information | Vol. 11 (1979; xiii, 328 p.) |
| 546 ## - LANGUAGE NOTE | |
| Language note | Chiefly in English, some articles in French and German. |
| 550 ## - ISSUING BODY NOTE | |
| Issuing body note | Issued by the Freer Gallery of Art, Smithsonian Institution and Department of the History of Art, University of Michigan. |
| 550 ## - ISSUING BODY NOTE | |
| Issuing body note | Vols. for <1984> published by the Center for Chinese Studies, University of Michigan. |
| 590 ## - LOCAL NOTE (RLIN) | |
| Local note | SERBIB/SERLOC merged record |
| 650 #0 - SUBJECT ADDED ENTRY--TOPICAL TERM | |
| Topical term or geographic name entry element | Art, Islamic |
| 650 14 - SUBJECT ADDED ENTRY--TOPICAL TERM | |
| Topical term or geographic name entry element | Art, Asian |
| 650 14 - SUBJECT ADDED ENTRY--TOPICAL TERM | |
| Topical term or geographic name entry element | Art |
| 710 2# - ADDED ENTRY--CORPORATE NAME | |
| Corporate name or jurisdiction name as entry element | University of Michigan. |
| Subordinate unit | Center for Chinese Studies. |
| 710 2# - ADDED ENTRY--CORPORATE NAME | |
| Corporate name or jurisdiction name as entry element | Freer Gallery of Art. |
| 710 2# - ADDED ENTRY--CORPORATE NAME | |
| Corporate name or jurisdiction name as entry element | University of Michigan. |
| Subordinate unit | Dept. of the History of Art. |
| 770 0# - SUPPLEMENT/SPECIAL ISSUE ENTRY | |
| Title | Ars orientalis. Supplement |
| 780 00 - PRECEDING ENTRY | |
| Title | Ars islamica |
| 942 ## - ADDED ENTRY ELEMENTS (KOHA) | |
| Source of classification or shelving scheme | Universal Decimal Classification |
| Koha item type | Գրքեր / Books |
| Withdrawn status | Lost status | Source of classification or shelving scheme | Damaged status | Not for loan | Collection | Home library | Current library | Date acquired | Serial enumeration / chronology | Total checkouts | Full call number | Barcode | Date last seen | Price effective from | Koha item type | Public note |
|---|---|---|---|---|---|---|---|---|---|---|---|---|---|---|---|---|
| Universal Decimal Classification | Gulbenkian Individual Collection | Fundamental Scientific Library | Fundamental Scientific Library | 28/12/2016 | V. 11 | Gulb/4834 | 901004834 | 28/12/2016 | 28/12/2016 | Գրքեր / Books | ILL Non-Circ. |
ՀՀ Գիտությունների ազգային ակադեմիայի հիմնարար գիտական գրադարան = Fundamental Scientific Library of NAS RA
All site content, except where otherwise noted, is licensed under a